Les Plus Grands Sportifs de l'Histoire - Statistiques

Statistiques générales
  • Ce quiz a été pris 1 911 fois
  • Le résultat moyen est 17 sur 20
Statistiques - réponses
Par images Réponse % Correct
Cristiano Ronaldo
99%
Rafael Nadal
97%
Lionel Messi
96%
Diego Maradona
95%
Mohamed Ali
95%
Michael Jordan
94%
Serena Williams
94%
Teddy Rinner
94%
Novak Djokovic
93%
Roger Federer
93%
Usain Bolt
93%
Pelé
92%
Lebron James
91%
Lewis Hamilton
90%
Michael Phelps
84%
Mike Tyson
82%
Tiger Woods
76%
Michael Schumacher
74%
Tom Brady
57%
Wilt Chamberlain
34%
Aucun quiz correspondant
Distribution des résultats
% des personnes avec chaque résultat
Percentile par nombre de réponses
Votre historique - résultats
Vous n’avez pas pris ce quiz